书目信息 |
| 题名: |
农业综合执法体系建设与发展研究
|
|
| 作者: | 陈松 , 钱永忠 编著 | |
| 分册: | ||
| 出版信息: | 北京 中国农业科学技术出版社 2016 |
|
| 页数: | 235页 | |
| 开本: | 24cm | |
| 丛书名: | ||
| 单 册: | ||
| 中图分类: | D922.44 | |
| 科图分类: | ||
| 主题词: | 农业法--行政执法--研究--中国 | |
| 电子资源: | ||
| ISBN: | 978-7-5116-2824-4 | |
| 000 | 01023nam0 2200241 450 | |
| 001 | 012001003355 | |
| 005 | 20140926114740.0 | |
| 010 | @a978-7-5116-2824-4@dCNY46.00 | |
| 100 | @a20170328d2016 em y0chiy50 ea | |
| 101 | 0 | @achi |
| 102 | @aCN@b110000 | |
| 105 | @ay z 000yy | |
| 106 | @ar | |
| 200 | 1 | @a农业综合执法体系建设与发展研究@9nong ye zong he zhi fa ti xi jian she yu fa zhan yan jiu@f陈松,钱永忠编著 |
| 210 | @a北京@c中国农业科学技术出版社@d2016 | |
| 215 | @a235页@d24cm | |
| 330 | @a本书作者选择农业综合执法为研究对象,基于理论,系统分析农业综合执法的内涵和原理以及实施过程中存在的问题,在梳理我国农业综合执法现状的同时,通过问卷调查和实地访谈,实证分析了新时期我国开展农业综合执法体系建设存在的问题及制约因素,对比分析了国外农业行政执法的基本情况与特点,总结成功经验和启示。 | |
| 606 | 0 | @a农业法@x行政执法@x研究@y中国 |
| 690 | @aD922.44@v5 | |
| 701 | 0 | @a陈松@9chen song@4编著 |
| 701 | 0 | @a钱永忠@9qian yong zhong@4编著 |
| 801 | 0 | @aCN@b上海新华@c20180901 |
| 905 | @b1162676-80@dD922.44@e1976@f5 | |
| 农业综合执法体系建设与发展研究/陈松,钱永忠编著.-北京:中国农业科学技术出版社,2016 |
| 235页;24cm |
| ISBN 978-7-5116-2824-4:CNY46.00 |
| 本书作者选择农业综合执法为研究对象,基于理论,系统分析农业综合执法的内涵和原理以及实施过程中存在的问题,在梳理我国农业综合执法现状的同时,通过问卷调查和实地访谈,实证分析了新时期我国开展农业综合执法体系建设存在的问题及制约因素,对比分析了国外农业行政执法的基本情况与特点,总结成功经验和启示。 |
| ● |
| 相关链接 |
|
|
|
|
正题名:农业综合执法体系建设与发展研究
索取号:D922.44/1976
 
预约/预借
| 序号 | 登录号 | 条形码 | 馆藏地/架位号 | 状态 | 备注 |
| 1 | 1162676 | 211626766 | 第一样本阅览室/ [索取号:D922.44/1976] | 在馆 | |
| 2 | 1162677 | 211626775 | 密集书库-史法系/ [索取号:D922.44/1976] | 在馆 | |
| 3 | 1162678 | 211626784 | 第一借阅区/ [索取号:D922.44/1976] | 在馆 | |
| 4 | 1162679 | 211626793 | 第一借阅区/ [索取号:D922.44/1976] | 在馆 | |
| 5 | 1162680 | 211626800 | 第一借阅区/ [索取号:D922.44/1976] | 在馆 |